Loading...
| History - European | 0 | 2 | 0 | 0 | 20 | 44 | 57.00 | 1 | 2 | 5.44 | 9.87 |
| Literature - British | 0 | 2 | 0 | 0 | 20 | 86 | 92.00 | 0 | 0 | 2.39 | 7.50 |
| Religion | 0 | 2 | 0 | 1 | 20 | 76 | 94.00 | 0 | 2 | 2.80 | 15.89 |
| History - Other | 0 | 2 | 1 | 1 | 15 | 55 | 76.50 | 1 | 2 | 6.14 | 15.00 |
| Popular Culture | 0 | 1 | 0 | 0 | 10 | 12 | 12.00 | 1 | 1 | 17.89 | 17.50 |
| Literature - American | 0 | 1 | 0 | 0 | 10 | 76 | 76.00 | 0 | 0 | 6.67 | 11.43 |
| History - World | 0 | 1 | 0 | 0 | 10 | 65 | 65.00 | 0 | 0 | 3.63 | 5.00 |
| Fine Arts - Classical Music | 0 | 1 | 0 | 1 | 10 | 97 | 97.00 | 0 | 1 | 2.54 | 5.71 |
| Literature - World | 0 | 1 | 0 | 0 | 10 | 93 | 93.00 | 0 | 1 | 1.91 | 7.14 |
| Fine Arts - Other | 0 | 0 | 0 | 0 | 0 | 0.00 | 0 | 0 | 0.00 | 0.00 |